000 00590nam a2200217Ia 4500
005 20241216010927.0
008 190212s9999||||xx |||||||||||||| ||und||
020 _a968-24-7219-9
082 _a633.15
_bL51
100 _aLESUR, LUIS
245 0 _aMANUAL DEL CULTIVO DEL MAIZ
250 _a1
260 _aMEXICO
_bTRILLAS
_c2005
300 _a80 pag
_c27 cm
341 _h64.4
490 _v0
_a0
505 _aPLANTA DEL MAIZ/PREPARACION DE LA TIERRA/SIEMBRA/CULTIVO/COSECHA/
541 _aC
_bLIB. SAN CRISTOBAL
_d10-Mar-08
_oSoles
650 _aCIENCIAS APLICADAS
942 _cLIBRO
999 _c27894
_d27894